Quel est ce groupe Kpop ? - Statistiques

Statistiques générales
  • Ce quiz a été pris 3 613 fois
    3 612 depuis la dernière actualisation
  • Le résultat moyen est 15 sur 20
Statistiques - réponses
Par images Réponse % Correct
BlackPink
96%
Stray Kids
96%
BTS
93%
Seventeen
86%
Enhypen
85%
TXT
85%
New Jeans
84%
Itzy
83%
Twice
82%
Aespa
80%
Ateez
79%
(G)I-DLE
78%
2ne1
72%
BigBang
72%
Nmixx
68%
Got7
57%
Red Velvet
56%
StayC
45%
Treasure
44%
DreamCatcher
36%
Aucun quiz correspondant
Distribution des résultats
% des personnes avec chaque résultat
Percentile par nombre de réponses
Votre historique - résultats
Vous n’avez pas pris ce quiz depuis la dernière actualisation